01812nam a2200133 4500008001000000082001500010100002200025245002100047260004700068300003000115505143700145650005901582700003701641708 P123c a708bP123c aPadín, Clemente aClemente Padín aMontevideobBanco Central de Uruguayc2006 a350 p.billc23 x 16.5 cm tClemente Padín La práctica como crítica rPatricia BetancurtAntología de textostClemente Padín: Hombre de acción, hombre de teoríarCésar Espinoza tLa disección irónica del lenguaje rMartín PalaciotGnosis: serigrafías y textos de Clemente PadínrHarry PolkinhorntClemente Padín y su "signo"rKlaus Peter DenckertCP: 2003rFernando López LagetUn gran mundo ¿verdad?rKarl YoungtVeinte años despuésrLuis BravotVanguardia: un proyecto semiológicorMoacy Cirne (fragmento)tSpam art o cómo convertir en arte el correo basurarSilvio GraciatSelección de textos de Clemente Padín tLas opciones del creador latinoamericanotLa performance desde la perspectiva latinoamericana tEdgardo Antonio Vigo: aspiración libertaria tRecordando a Ulises CarrióntEdición facsimilar de la revista OvumtPublicacionestSignografíastPelículas 1987-2005tApéndicetBiografía / BiographytExposiciones individuales / Solo exhibitionstExposiciones colectivas / Group showstExposiciones y eventos organizados / Organization of exhibitions and eventstArte correo / Mail arttPerformance, lecturas e instalaciones / Performances, readings and installationstBecas e invitaciones / Grants and invitationstPublicaciones / PublicationstBibliografía / BibliographytFundación y dirección de revistas / Journals: Founder and Director tVideografía / VideographytTexts in english xarte - exhibiconesxarte - biografíaxarte - Uruguay aBetancur, Patricia (curaduría)